000 00960nam a2200217Ia 4500
001 19841
003 GE_BSU
008 181216s||||||||xx |||||||||||||| ||und||
040 _cGE_BSU
080 _a02
245 _aდაბლინ კორ მეტამონაცემების ელემენტთა სიმრავლე, ვერსია 1. საცნობარო აღწერილობა
245 _cინგლ. თარგმანი თ. ჩხენკელის 2005წ.
260 _aთბილისი
260 _c?
300 _a11გვ.
541 _h2ლ. 25თ.
653 _aბიბლიოთეკარი
653 _aდაბლინ კორ მეტამონაცემების ელემენტთა სიმრავლე, ვერსია 1. საცნობარო აღწერილობა
653 _aქსეროქსი
942 _cBK
999 _c52811
_d52811